000 00307nam a22001337a 4500
008 170907b xxu||||| |||| 00| 0 eng d
020 _a2901412951349
041 _aeng
080 _a721
100 _a41
101 _aNDI
245 _aASSETBUILDING & COMMUNITY DEVELOPMENT
_cGREEN, G.P
942 _2udc
_cBK
999 _c26530
_d26530